000096322 001__ 96322 000096322 005__ 20201120151204.0 000096322 037__ $$aTAZ-TFG-2020-4227 000096322 041__ $$aspa 000096322 1001_ $$aTrívez Repollés, Adriana 000096322 24200 $$aCommunication Plan: Gavilla Restaurant 000096322 24500 $$aPlan de Comunicación: Restaurante Gavilla 000096322 260__ $$aZaragoza$$bUniversidad de Zaragoza$$c2020 000096322 506__ $$aby-nc-sa$$bCreative Commons$$c3.0$$uhttp://creativecommons.org/licenses/by-nc-sa/3.0/ 000096322 520__ $$aEste trabajo Fin de Grado consiste en la elaboración de un Plan de Comunicación para un negocio del sector hostelero de Zaragoza, llamado Restaurante Gavilla. El Restaurante Gavilla es un establecimiento tradicional de Zaragoza, que se dedica a tres líneas de negocio: la línea de comidas y cenas dentro del establecimiento, la línea de la terraza y la línea de cáterin para empresas. Para la elaboración del plan, se realizó un análisis interno y externo del entorno que facilitó la elaboración de un análisis DAFO, el cual permitió fijar tres objetivos dirigidos a dos públicos diferentes. A partir de ahí, se elaboró un mix de comunicación que incluye las diferentes estrategias y acciones de comunicación especializadas para cada uno. El plan comenzará en octubre de 2020 y terminará en septiembre de 2021.<br /><br /> 000096322 521__ $$aGraduado en Marketing e Investigación de Mercados 000096322 540__ $$aDerechos regulados por licencia Creative Commons 000096322 700__ $$aUrquizu Samper, María Pilar$$edir. 000096322 7102_ $$aUniversidad de Zaragoza$$bDirección de Márketing e Investigación de Mercados$$cComercialización e Investigación de Mercados 000096322 8560_ $$f736844@unizar.es 000096322 8564_ $$s56792123$$uhttps://zaguan.unizar.es/record/96322/files/TAZ-TFG-2020-4227.pdf$$yMemoria (spa) 000096322 909CO $$ooai:zaguan.unizar.es:96322$$pdriver$$ptrabajos-fin-grado 000096322 950__ $$a 000096322 951__ $$adeposita:2020-11-20 000096322 980__ $$aTAZ$$bTFG$$cECON 000096322 999__ $$a20201002144931.CREATION_DATE